Normal view
MARC view
Entry Personal Name
001 - CONTROL NUMBER
- control field: 81778
003 - CONTROL NUMBER IDENTIFIER
- control field: OSt
005 - DATE AND TIME OF LATEST TRANSACTION
- control field: 20230226170715.0
008 - FIXED-LENGTH DATA ELEMENTS
- fixed length control field: 230226|| aca||aabn | a|a d
040 ## - CATALOGING SOURCE
- Original cataloging agency: OSt
- Transcribing agency: OSt
100 ## - HEADING--PERSONAL NAME
- Personal name: Dr.Madhukar gangadhar
670 ## - SOURCE DATA FOUND
- Source citation: Work cat.: (OSt)65942: Dr.Madhukar gangadhar , The Silent Cry, 2018









